MDQL
is popping MORE tags! Check the
thread
!
Quizzes
Events
Quiz Creation
Community
Videos
Private Events
Remove Ads
Sign In
Join for FREE
Feedback
Dark Mode
Quiz Categories
Sports
Geography
Music
Movies
Television
Just For Fun
Miscellaneous
History
Literature
Language
Science
Gaming
Entertainment
Religion
Holiday
For Kids
Quiz Lab
Recent
Popular Today
Quiz Kudos Today
Editor Picks
Curator Picks
Quizzes by...
Day
Popularity
Type
Ratings
Length
Year
Community
Subscriptions
Recent Discussions
Orange Saloon
Badges
Playlists
Quests
Create
Leaderboards
Showdown
Live 5
Trivia Bingo
Activity
Puzzle Library
Sporcle Events
Private Events
Virtual Trivia
Globe League
Become a Host
Pub Owners
SporcleCon
Opinionation
Our Games
Videos
Blog
Mobile Apps
Partnerships
Remove Ads and Go Orange
Feedback
Movies
Disney
Marvel Cinematic Universe
Movie Resume
Movie Titles
Oscar
Actor
Actress
Director
Pixar
Role
Movie Quotes
Movie Characters
Box Office
Nominee
Best Picture
Star Wars
James Bond
Horror Movies
Movies
Disney
Marvel Cinematic Universe
Movie Resume
Movie Titles
Oscar
Actor
Actress
Director
Pixar
Role
Movie Quotes
Movie Characters
Box Office
Nominee
Best Picture
Star Wars
James Bond
Horror Movies
Random Quiz
Search Sporcle
×
Quiz Lab
Quiz Lab
Movies
sense
Type in answers that appear in a list
Type in answers that appear in a list
Classic
Best Score? Go Orange.
Stop Making Sense Stats
Can you name the Facts About the Movie 'Stop Making Sense'?
By
rondo723
10m
21 Questions
123 Plays
123 Plays
123 Plays
Comments
Comments
Give Quiz Kudos
Give Quiz Kudos
-
- Ratings
hide this ad
Forced Order
Answers have to be entered in order
Answers have to be entered in order
Replay
Link that replays current quiz
Next Quiz
Link to next quiz in quiz playlist
You Got
0%
They Got
Avg Score
73%
Avg Friend Score
Upgrade to see
Score Distribution
Jump to the score distribution portion of the page
Score
0/21
Timer
10:00
0
Plays Today
Question
Answer
% Correct
This concert film is about the band...
Talking Heads
99.2%
First person to appear on stage...
David Byrne
98.4%
First song...
'Psycho Killer'
93.5%
Who plays... (instrument)
Bass Guitar
93.5%
Who plays... (instrument)
Drums
92.7%
Second person to appear on stage...
Tina Weymouth
91.1%
Third person to appear on stage...
Chris Frantz
88.6%
Side-
band that performs in the middle of the show...
Tom Tom Club
84.6%
Carrying a...
Boom Box
80.5%
Lead singer is wearing his iconic...
Big Suit
79.7%
Directed by...
Jonathan Demme
77.2%
Question
Answer
% Correct
Song performed by side-
band...
'Genius Of Love'
75.6%
Fourth person to appear on stage...
Jerry Harrison
74.8%
Founding members of side-
band...
Tina Weymouth and Chris Frantz
72.4%
Next song played by full band...
'Girlfriend Is Better'
65%
First song featuring full lineup...
'Burning Down the House'
64.2%
First song with all four band members...
'Found A Job'
59.3%
Guest keyboardist...
Bernie Worrell
48%
Guest percussionist...
Steve Scales
40.7%
Guest guitarist...
Alex Weir
36.6%
What is first shown at the very end of the movie, before the credits?
The Audience
34.1%
Quiz Playlist
Details
Report
Send in Message
Add To Playlist
Classic:
Type in answers that appear in a list
Forced Order:
Answers have to be entered in order
Quiz Source
Last Updated: Feb 16, 2017
Quiz Scoreboard
CHALLENGE
Sign Up to Join the Scoreboard
Show All
Scores
Hide
Comments
May contain spoilers
Recently Published
Two Season TV Shows II
by 123Four
Television
10m
Image Sorting: Flags VI
by Barbecue
Geography
2m
Find the 'City' Movie
by crazypaving
Movies
60s
More to Explore
Quiz From the Vault
Featured Blog Post
14 Easter Pick-up Lines to Find Eggs With
hide this ad
You Might Also Like...
Tags
sense
stop
Talking Heads
Today's Top Quizzes in Movies
Browse Movies
hide this ad
Today's Top Quizzes in sense
Browse sense
Top Contributed Quizzes in Movies
1
Find The 'Big' Movie
2
The ultimate James Bond movie quiz
3
Find The 'Wild' Movie
4
Find The 'Blue' Movie
5
Movies By Plot
6
Hidden Star Wars Character II
7
Pick 5 Posters: Directed by Spielberg
8
Hidden Star Wars Character III
9
Hidden Star Wars Character IV
10
25 Best Actor Nominees (1990s)
Explore More
Trending Topics
Crossword
Disney
NBA
Kpop
Harry Potter
Anime
Marvel
Song
The Office
Soccer
Pokémon
Country
Puzzle
WWE
NFL
hide this ad
More By:
rondo723
Quiz
Plays
Rating
Category
Featured
Created
NBA All-Star Journey: Point Guards
10,897
4.02
Sports
May 11, 2010
NBA Journeymen
4,151
4.18
Sports
Oct 24, 2009
NBA All-Star Journey: 80's Stars
743
4.25
Sports
May 14, 2010
MLB Journeymen
580
4.10
Sports
Oct 24, 2009
Most Games Played by Sport
292
4.13
Sports
Oct 23, 2009
Go to Creator's Profile
Score Distribution
Quiz Creator Spotlight
rondo723
Follow
Send a Message
Quizzes Created
-
Created Quiz Play Count
-
More By This Creator
Popular Quizzes Today
1
Find the US States - No Outlines Minefield
2
Colored Red Africa Blitz
3
Find the 'City' Movie
4
5x2 Blitz: Bands
5
The Countries of the World
6
Find the Countries of Europe - No Outlines Minefield
7
Find the US States
8
US States
More Movies Quizzes
'Inside Out' Emotions
Published
Trending Quizzes
Colored Red Europe Blitz I
Colored Red Africa Blitz II
Colored Red Europe Blitz II
Colored Red Africa Blitz III
Colored Red Europe Blitz III
Recently Updated
How Do You Spell That?
pecheneg
Godzilla Movies
pecheneg
Grab Bag: 4-10 Letters
pecheneg
2024 March Madness Bracket
pecheneg
Famous TV Couples
Peacemaker
Champions League XIs: Real Madrid
pecheneg
Largest US Cities 1790-2010
pecheneg
Rides in Walt Disney World
pecheneg
Most Oscar Losses (Acting)
pecheneg
Beyoncé Albums
pecheneg
Trending Topics
Anime
Kpop
Marvel
Harry Potter
Crossword
Disney
NBA
Song
Pokémon
Puzzle
NFL
WWE
Soccer
The Office
Country
Your Account Isn't Verified!
In order to create a playlist on Sporcle, you need to verify the email address you used during registration. Go to your
Sporcle Settings
to finish the process.
Report this User
Report this user for behavior that violates our
Community Guidelines
.
Details:
Send Report
Go to the Sporcle.com Mobile Site →
Comments